Word Scramble: Countries #2 - Statistics

General Stats
  • This quiz has been taken 81 times
  • The average score is 11 of 15
Answer Stats
Hint Answer % Correct
ijfi Fiji
100%
ocxeim Mexico
96%
leapn Nepal
89%
wlaami Malawi
86%
irneub Brunei
82%
leceesyhsl Seychelles
77%
gonenmeotr Montenegro
72%
selari Israel
69%
egeansl Senegal
68%
nhaiutlai Lithuania
61%
alenrid Ireland
59%
instawei Eswatini
58%
usdarhno Honduras
58%
iuresmna Suriname
49%
eosanvil Slovenia
43%
No matching quizzes found
Score Distribution
Percent of People with Each Score
Percentile by Number Answered
Your Score History
You have not taken this quiz